Preliminary studies on cold resistance of rubber trees determined by electric conductometer (Record no. 65515)

MARC details
000 -LEADER
fixed length control field 00488nam a2200145Ia 4500
100 ## - MAIN ENTRY--AUTHOR NAME
Personal name Ruiyan H
245 #0 - TITLE STATEMENT
Title Preliminary studies on cold resistance of rubber trees determined by electric conductometer
260 ## - PUBLICATION, DISTRIBUTION, ETC. (IMPRINT)
Name of publisher Proceedings of the IRRDB Symposium: Rubber Physiology and Exploitation, China, 1986; p98-105
650 ## - SUBJECT ADDED ENTRY--TOPICAL TERM
Topical Term Cold resistance
650 ## - SUBJECT ADDED ENTRY--TOPICAL TERM
Topical Term Electric conductometer
650 ## - SUBJECT ADDED ENTRY--TOPICAL TERM
Topical Term Hevea
700 ## - ADDED ENTRY--PERSONAL NAME
Personal name Zhenfei C
942 ## - ADDED ENTRY ELEMENTS (KOHA)
Koha item type Journals
Holdings
Withdrawn status Lost status Damaged status Not for loan Home library Current library Shelving location Date acquired Koha item type
      Journals RRII Library RRII Library Physiology 17/12/2021 Journals